Chemical process principles (Record no. 19036)

000 -LEADER
fixed length control field 00586nam a22002171 4500
001 - CONTROL NUMBER
control field 19036
003 - CONTROL NUMBER IDENTIFIER
control field BD-DhUET
008 - FIXED-LENGTH DATA ELEMENTS--GENERAL INFORMATION
fixed length control field 840614m19549999nyua 000 0 eng
040 ## - CATALOGING SOURCE
Original cataloging agency DLC
Transcribing agency DLC
Modifying agency BD-DhUET
082 00 - DEWEY DECIMAL CLASSIFICATION NUMBER
Classification number 660.284
Item number HOU/1960
100 1# - MAIN ENTRY--PERSONAL NAME
Personal name Hougen, Olaf A.
245 10 - TITLE STATEMENT
Title Chemical process principles
250 ## - EDITION STATEMENT
Edition statement 2nd ed.
260 ## - PUBLICATION, DISTRIBUTION, ETC. (IMPRINT)
Place of publication, distribution, etc. New York
Name of publisher, distributor, etc. John Wiley & Sons
Date of publication, distribution, etc. 1959
300 ## - PHYSICAL DESCRIPTION
Extent xviii, (505-1072)p.
Other physical details illus
Dimensions 24 cm.
500 ## - GENERAL NOTE
General note Part- II, Thermodynamics
650 #0 - SUBJECT ADDED ENTRY--TOPICAL TERM
Topical term or geographic name as entry element Chemical engineering
700 ## - ADDED ENTRY--PERSONAL NAME
Personal name Watson, Kenneth M.
700 ## - ADDED ENTRY--PERSONAL NAME
Personal name Ragatz, Roland A.
942 ## - ADDED ENTRY ELEMENTS (KOHA)
Koha item type General Book
Holdings
Koha item type Location (home branch) Date acquired Koha normalized classification for sorting Shelving location Copy number Sublocation or collection (holding branch) Price effective from Source of classification or shelving scheme Withdrawn status Koha date last seen Lost status Piece designation (barcode) Damaged status Not for loan Koha full call number
General BookCentral Library, BUET2015-04-02660_280000000000000_HOU_1959Circulation section1Central Library, BUET2015-04-02  2015-04-02 17488  660.28/HOU/1959
General BookCentral Library, BUET2015-05-11660_280000000000000_HOU_1959Circulation section2Central Library, BUET2015-05-11  2015-05-11 11360  660.28/HOU/1959
General BookCentral Library, BUET2015-05-12660_284000000000000_HOU_1960Circulation section3Central Library, BUET2015-05-12  2015-05-12 1044  660.284/HOU/1960
General BookCentral Library, BUET2015-05-12660_284000000000000_HOU_1960Circulation section4Central Library, BUET2015-05-12  2015-05-12 510  660.284/HOU/1960
General BookCentral Library, BUET2015-05-18660_284000000000000_HOU_1960Circulation section5Central Library, BUET2015-05-18  2015-05-18 511  660.284/HOU/1960
General BookCentral Library, BUET2015-05-18660_284000000000000_HOU_1960Circulation section6Central Library, BUET2015-05-18  2015-05-18 1045  660.284/HOU/1960
Reading ItemCentral Library, BUET2015-06-20660_280000000000000_HOU_1969Reading section7Central Library, BUET2015-06-20  2015-06-20 11359  660.28/HOU/1969